| 000 | 00665cab a2200169 4500 | ||
|---|---|---|---|
| 001 | ##L132507 | ||
| 008 | 060214n2006 000 0 eng u | ||
| 035 | _a(Sirsi) u132507 | ||
| 041 | 0 | _aeng | |
| 245 | 0 | 0 |
_aSpotlight _bclients lose out as accountants fail to exploit capital allowances |
| 260 | _c2006 | ||
| 490 | 0 |
_aAccountancy _v137(1350) February 2005, 19(1) |
|
| 520 | _aWarns that businesses are losing out because as a third of accountants doing know whether or not it is worth considering capital allowances as part of property transactions. | ||
| 590 | _aIKA140206 | ||
| 690 | _aPROPERTY-COMMERCIAL PROPERTY-COMMERCIAL PROPERTY TAXATION | ||
| 942 | _n0 | ||
| 999 |
_c76480 _d76480 |
||